Statistics for Countries With The Most Germans

Click here to take the quiz!

General Stats

  • This quiz has been taken 71 times
  • The average score is 16 of 20

Answer Stats

GermansCountry% Correct
92.000United Kingdom
97%
132.000United States
97%
171.000Austria
95%
146.000Canada
94%
140.000France
94%
30.000Italy
94%
148.000Poland
92%
450.000Switzerland
92%
143.000Russia
90%
125.000Australia
87%
112.000Spain
87%
29.000Belgium
85%
79.000Netherlands
85%
20.000Sweden
81%
26.000Brazil
79%
75.000Argentina
69%
15.000Greece
69%
180.000Hungary
55%
100.000Israel
39%
17.000South Africa
35%

Score Distribution

Percentile by Number Answered

Percent of People with Each Score

Your Score History

You have not taken this quiz